Revista de Contabilidade e Controladoria

Bibliographic Details
Corporate Author: Universidade Federal do Paraná. Setor de Ciências Sociais Aplicadas
Format: Electronic Journal
Language:Portuguese
Published: Paraná, Brazil : 	Universidade Federal do Paraná
Subjects:
Online Access:Full text available from Research Library: 01/01/2009 to 01/31/2017

MARC

LEADER 00000nas a2200000 a 4500
001 ssj0000752108
003 WaSeSS
005 20200512172242.0
006 m d
007 cr n
008 060630c20099999bl hr pos 0 a0por d
022 |a 1984-6266  |l 1984-6266 
035 |a (WaSeSS)ssj0000752108 
040 |a WaSeSS  |c WaSeSS  |d WaSeSS 
050 4 |a HF5601 
210 1 |a RC&C, Rev. Contab. Control.  
222 0 |a RC&C. Revista de Contabilidade e Controladoria 
245 0 0 |a Revista de Contabilidade e Controladoria  |h [electronic resource]. 
246 1 |a RC&C 
246 1 |a RC e C 
260 |a Paraná, Brazil :  |b 	Universidade Federal do Paraná 
310 |a 3 issues a year 
362 1 |a Began with Vol. 1, no.1 (Jan./Abr. 2009). 
506 |a License restrictions may limit access. 
588 |a Description based on: Vol. 1, no. 1 (Jan./Abr. 2009); title from journal home page (publisher's website, viewed Nov. 13, 2012). 
588 |a Latest issue consulted: Vol. 4, no. 2 (Maio./Ago. 2012) (viewed Nov. 13, 2012). 
650 0 |a Accounting  |v Periodicals. 
655 0 |a Electronic journals. 
710 2 |a Universidade Federal do Paraná.   |b Setor de Ciências Sociais Aplicadas. 
856 4 0 |z Full text available from Research Library: 01/01/2009 to 01/31/2017  |u https://search.proquest.com/publication/696317